[Event "Porto Mannu op 9th"]
[Site "Porto Mannu"]
[Date "2017.06.08"]
[Round "7"]
[White "Breuker, Dennis Michel"]
[Black "Calavalle, Giulio"]
[Result "0-1"]
[WhiteElo "2084"]
[BlackElo "2253"]
[PlyCount "90"]
[EventDate "2017.06.03"]
[EventType "swiss"]
[EventRounds "9"]
[EventCountry "ITA"]
[SourceTitle "CBM 178 Extra"]
[Source "ChessBase"]
[SourceDate "2017.06.22"]
[SourceVersion "1"]
[SourceVersionDate "2017.06.22"]
[SourceQuality "1"]

1. d4 Nf6 2. c4 e6 3. Nc3 Bb4 4. e3 c5 5. Nge2 b6 6. a3 Ba5 7. Rb1 Qe7 8. Ng3 Bxc3+ 9. bxc3 d6 10. Bd3 Bb7 11. 0-0 Nc6 12. a4 Na5 13. f4 h5 14. d5 h4 15. Ne4 Nxe4 16. Bxe4 Nxc4 17. Qd3 Na5 18. dxe6 Qxe6 19. Bxb7 Nxb7 20. f5 Qd7 21. c4 0-0-0 22. Bb2 f6 23. e4 Qc6 24. Bc3 Rd7 25. Ra1 Re8 26. Rf4 Rde7 27. Rxh4 Rxe4 28. Rh3 Rg4 29. Rg3 Qe4 30. Qxe4 Rexe4 31. Rxg4 Rxg4 32. a5 bxa5 33. Bxa5 Rxc4 34. Be1 a5 35. Bxa5 Nxa5 36. Rxa5 Kb7 37. h3 Rc2 38. Ra3 Re2 39. Rg3 Re7 40. Kf2 d5 41. h4 d4 42. h5 c4 43. Rg4 c3 44. Rxd4 c2 45. Rb4+ Kc8 0-1

[Event "Bodensee op"]
[Site "Bregenz"]
[Date "2016.05.08"]
[Round "9"]
[White "Hovenga, Alje"]
[Black "Breuker, Dennis Michel"]
[Result "1/2-1/2"]
[WhiteElo "2211"]
[BlackElo "2044"]
[PlyCount "79"]
[EventDate "2016.04.30"]
[EventType "swiss"]
[EventRounds "9"]
[EventCountry "AUT"]
[SourceTitle "CBM 172 Extra"]
[Source "ChessBase"]
[SourceDate "2016.06.21"]
[SourceVersion "1"]
[SourceVersionDate "2016.06.21"]
[SourceQuality "1"]

1. d4 Nf6 2. c4 e6 3. Nc3 Bb4 4. Bg5 h6 5. Bh4 c5 6. d5 Bxc3+ 7. bxc3 e5 8. e3 d6 9. Bd3 Nbd7 10. Ne2 0-0 11. 0-0 e4 12. Bc2 Ne5 13. Bxf6 Qxf6 14. Ng3 Bf5 15. Rb1 Rab8 16. Bxe4 Bxe4 17. Nxe4 Qg6 18. Nd2 Qd3 19. Re1 Nxc4 20. Nxc4 Qxc4 21. Qb3 b5 22. Qxc4 bxc4 23. Kf1 f5 24. f4 Kf7 25. Kf2 Rfe8 26. h3 h5 27. Rxb8 Rxb8 28. e4 Rb2+ 29. Re2 Rxe2+ 30. Kxe2 fxe4 31. g4 h4 32. Ke3 Kg6 33. Kxe4 a5 34. f5+ Kg5 35. Ke3 a4 36. a3 Kf6 37. Kf4 g5+ 38. fxg6 Kxg6 39. g5 Kh5 40. Kf5 1/2-1/2

[Event "La Pobla de Lillet op 24th"]
[Site "La Pobla de Lillet"]
[Date "2014.08.08"]
[Round "7"]
[White "Povill Claros, Xavier"]
[Black "Breuker, Dennis Michel"]
[Result "0-1"]
[WhiteElo "1971"]
[BlackElo "2061"]
[PlyCount "92"]
[EventDate "2014.08.02"]
[EventType "swiss"]
[EventRounds "9"]
[EventCountry "ESP"]
[SourceTitle "EXT 2017"]
[Source "ChessBase"]
[SourceDate "2016.10.25"]
[SourceVersion "1"]
[SourceVersionDate "2016.10.25"]
[SourceQuality "1"]

1. e4 e5 2. Nf3 Nc6 3. Bb5 a6 4. Ba4 Nf6 5. 0-0 b5 6. Bb3 Bb7 7. d3 Bd6 8. a4 0-0 9. Nc3 b4 10. Ne2 h6 11. c3 Re8 12. Ng3 Bf8 13. Nf5 d5 14. Qe2 Na5 15. Bc2 b3 16. Bb1 Qd7 17. Bd2 dxe4 18. dxe4 Qe6 19. Bc1 c5 20. h3 c4 21. Nh2 Rad8 22. Ng4 Kh7 23. Kh2 Rd7 24. Rg1 Nxg4+ 25. hxg4 g6 26. Ne3 Be7 27. Rh1 Bg5 28. g3 Red8 29. Rf1 Be7 30. Rh1 Kg7 31. Ng2 Rh8 32. f4 Qb6 33. Ne3 exf4 34. gxf4 Qe6 35. Qf3 h5 36. g5 Qd6 37. Nd5 Bxg5 38. Be3 Bxd5 39. exd5 Re8 40. Be4 f5 41. Bd4+ Kf7 42. Be5 Rxe5 43. fxe5 Qxe5+ 44. Kh3 Qxe4 45. Qxe4 fxe4 46. Rae1 e3 0-1

[Event "Amsterdam Science Park op-A 3rd"]
[Site "Amsterdam"]
[Date "2013.07.10"]
[Round "5"]
[White "Polak, Indra"]
[Black "Breuker, Dennis Michel"]
[Result "1-0"]
[WhiteElo "2163"]
[BlackElo "2073"]
[PlyCount "61"]
[EventDate "2013.07.06"]
[EventType "swiss"]
[EventRounds "9"]
[EventCountry "NED"]
[SourceTitle "CBM 155 Extra"]
[Source "ChessBase"]
[SourceDate "2013.08.26"]
[SourceVersion "1"]
[SourceVersionDate "2013.08.26"]
[SourceQuality "1"]

1. e4 e5 2. Nf3 Nc6 3. Bb5 a6 4. Ba4 Nf6 5. 0-0 b5 6. Bb3 Bb7 7. c3 Nxe4 8. Re1 Nc5 9. Nxe5 Nxe5 10. Rxe5+ Ne6 11. d4 Bd6 12. Re3 0-0 13. d5 Nf4 14. Re4 Ng6 15. Nd2 f5 16. Re1 Nf4 17. Nf3 Qf6 18. Bxf4 Bxf4 19. d6+ Kh8 20. dxc7 Be4 21. Bd5 Rae8 22. Bxe4 fxe4 23. c8Q Rxc8 24. Rxe4 d6 25. Qe2 Qf7 26. a4 Rc5 27. h3 Qg6 28. axb5 Rxb5 29. Rxf4 Rxf4 30. Qxb5 Qb1+ 31. Rxb1 1-0

[Event "Amsterdam Science Park op-A 3rd"]
[Site "Amsterdam"]
[Date "2013.07.07"]
[Round "2"]
[White "Strating, Sybolt"]
[Black "Breuker, Dennis Michel"]
[Result "1-0"]
[WhiteElo "2258"]
[BlackElo "2073"]
[PlyCount "143"]
[EventDate "2013.07.06"]
[EventType "swiss"]
[EventRounds "9"]
[EventCountry "NED"]
[SourceTitle "CBM 155 Extra"]
[Source "ChessBase"]
[SourceDate "2013.08.26"]
[SourceVersion "1"]
[SourceVersionDate "2013.08.26"]
[SourceQuality "1"]

1. d4 d5 2. c4 dxc4 3. e4 e5 4. Nf3 exd4 5. Bxc4 Nc6 6. 0-0 Be6 7. Bb5 Bc5 8. b4 Bb6 9. Bb2 Nge7 10. Bxd4 Bxd4 11. Nxd4 Qd6 12. Nxc6 bxc6 13. Qxd6 cxd6 14. Ba6 Rb8 15. a3 0-0 16. Nc3 Rb6 17. Be2 c5 18. b5 f5 19. f3 Rd8 20. Rfd1 Bb3 21. Rd2 fxe4 22. fxe4 Ng6 23. a4 Ne5 24. Rb1 Be6 25. a5 Rb7 26. b6 Nc6 27. Ba6 Rbb8 28. bxa7 Rxb1+ 29. Nxb1 Nxa7 30. Bb7 Kf8 31. Nc3 Ke7 32. a6 Bc4 33. Kf2 Kd7 34. e5 Kc7 35. Ne4 dxe5 36. Rc2 Bb5 37. Rxc5+ Kb6 38. Rxe5 Bxa6 39. Bxa6 Kxa6 40. Re6+ Kb5 41. Re7 Nc6 42. Rxg7 Rh8 43. Ke3 Kc4 44. Rc7 Kb5 45. g4 Kb6 46. Rg7 Ne5 47. Kf4 Nd3+ 48. Kf5 Kc6 49. g5 Re8 50. Nf6 Re5+ 51. Kg4 Nf2+ 52. Kh5 Nh3 53. Kh4 Nf4 54. Rxh7 Kd6 55. Kg4 Ne6 56. h4 Ra5 57. Kh5 Ra4 58. Rd7+ Ke5 59. Ng4+ Kf4 60. Nh6 Kg3 61. Nf5+ Kf3 62. Rf7 Nf4+ 63. Kh6 Kg4 64. g6 Ra6 65. Ne3+ Kg3 66. h5 Ra5 67. Nf5+ Kg4 68. g7 Ra6+ 69. Kh7 Ra8 70. h6 Kg5 71. g8Q+ Rxg8 72. Kxg8 1-0

[Event "Maastricht Limburg op 3rd"]
[Site "Maastricht"]
[Date "2009.05.30"]
[Round "3"]
[White "Breuker, Dennis Michel"]
[Black "Bus, Tom"]
[Result "1/2-1/2"]
[WhiteElo "2081"]
[BlackElo "2225"]
[PlyCount "47"]
[EventDate "2009.05.29"]
[EventType "swiss"]
[EventRounds "7"]
[EventCountry "NED"]
[SourceTitle "CBM 130 Extra"]
[Source "ChessBase"]
[SourceDate "2009.07.02"]
[SourceVersion "2"]
[SourceVersionDate "2009.07.15"]
[SourceQuality "1"]

1. e4 c5 2. Nf3 Nc6 3. d4 cxd4 4. Nxd4 Nf6 5. Nc3 d6 6. Bg5 e6 7. Qd2 Be7 8. 0-0-0 0-0 9. f4 h6 10. Bxf6 Bxf6 11. Ndb5 Qa5 12. Nxd6 Rd8 13. Qe1 e5 14. f5 Nd4 15. Nc4 Qc5 16. Bd3 b5 17. Ne3 Bg5 18. Kb1 Bb7 19. h4 Bxe3 20. Qxe3 Rac8 21. Rd2 Nb3 22. Re2 Nd4 23. Rd2 Nb3 24. Re2 1/2-1/2